00499nam a2200193 a 4500001001300000003000900013005001700022008004100039020001000080082002100090100001400111245003400125260005600159300000800215500003500223505001600258650001700274700001400291nice12345678IN_TiNIC20260116011935.0050524s1979 mada grp 000 0 eng  ac10000a306.0899145bPON aPonraj, S aCommission on National Issues aMadrasbNational Council of Churches in Indiac1979 a00p aincludes index and biblioraphy2 aUrdu-Arabic aChurch-India1 aPonraj, S